00253nam a2200133Ia 4500100001800000650001100018366000700029654001100036245002200047260001600069082001400085300000800099546001200107 aMele/Antonio  adjango f20 adjango aDjango by example bPACKTc2015 a4.65bMEL a445 aENGLISH